000 01946cam a2200325 i 4500
003 OSt
005 20251109082747.0
008 250929s2007 su j 000r0 ara c
020 _a9789960583488
024 0 _a00000000289199
040 _aSA-JeALM
_bara
_cSA-RiAUC
_erda
050 4 _b.Y36 2007
082 0 4 _a237.3
_qSA-RiAUC
090 _a237.3 ي م ا
_bي م ا
100 1 _aيماني، محمد عبده،
_d1359-1431 هجري
_eمؤلف.
245 1 0 _aعلموا أولادكم ذكر الله /
_cالدكتور محمد عبده يماني.
250 _aالطبعة الأولى.
264 1 _a[الرياض] :
_bشركة دار القبلة للثقافة الإسلامية،
_bمحمد عبده يماني.
_c2007
300 _a163 صفحة ؛
_c24 سم.
336 _aنص
_btxt
_2rdacontent
_3كتاب
337 _aبدون وسيط
_bn
_2rdamedia
500 _aاهداء من المؤلف محمد عبده يماني الى الشيخ رحمه الله
504 _aببليوجرافية : صفحة 162.
505 0 _aالمحتويات : الإهداء-لماذا هذا الكتاب ؟-معنى الذكر-الذكر في القرآن الكريم-الذكر في الحديث النبوي-الصحابة وذكر الله-خطورة الغفلة عن ذكر الله-تعليم الأولاد الذكر والدعاء-آداب الذكر-عظيم أمر ذكر الله وفوائده-ذكر الله بأسمائه الحسنى-الذكر والعبادات-نماذج من الذكر ومناسباتها-نماذج من الدعاء ومناسباته-نماذج من الأوراد اليومية-خاتمة-المراجع والمصادر.
521 _aموجه للأطفال.
650 7 _aالأدعية والأوراد
_vأدب الناشئة
_2aucsh
650 7 _aالأطفال
_xتربية إسلامية
_2aucsh
942 _2ddc
_cBOOK
_n0
949 _aSA-JeALM
_d250929
_uosman123
_n1
999 _c13087
_d13087